000 00310nam a22001337a 4500
008 181102b xxu||||| |||| 00| 0 eng d
020 _a0155469029
041 _aeng
080 _a101
100 _a24
101 _aFIL
245 _aInvitation to Philosophical thinking
_cBeardsley,E.L
942 _2udc
_cBK
999 _c51761
_d51761